| 000 | 10851nam a22006977a 4500 | ||
|---|---|---|---|
| 005 | 20110218114631.0 | ||
| 010 | _aB-439728-768 | ||
| 020 |
_a9788190953702 _c200.00 |
||
| 035 | _aB-439728-768 | ||
| 037 | _bब्ल्यू बेरी | ||
| 082 | _a551.46 | ||
| 100 |
_aपण्ड्या, गौरीशंकर _930467 |
||
| 245 |
_aसागरों की खोज / _cगौरीशंकर पण्ड्या |
||
| 246 |
_aSagaron ki Khoj _bby Gauri Shankar Pandya |
||
| 260 |
_aनई दिल्ली _bचिल्ड्रन बुक बैंक _c2010 |
||
| 270 |
_aएस-419, (ग्रउंड-फ्लोर), ग्रेटर कैलाश-1 _bनई दिल्ली _e110048 _k29248888 |
||
| 300 |
_a133पृ _c22सेमी (सजिल्द) _bसचित्र |
||
| 942 |
_2ddc _cCH _mपण्ड्या _h551.46 |
||
| 999 |
_c50645 _d50645 |
||